Chemistry in context : applying chemistry to society (Record no. 8708)
[ view plain ]
| 000 -LEADER | |
|---|---|
| fixed length control field | 00481 a2200157 4500 |
| 020 ## - INTERNATIONAL STANDARD BOOK NUMBER | |
| International Standard Book Number | 0071115358 |
| 040 ## - CATALOGING SOURCE | |
| Original cataloging agency | DLC |
| Language of cataloging | DLC |
| 082 ## - DEWEY DECIMAL CLASSIFICATION NUMBER | |
| Classification number | 540 |
| 100 ## - MAIN ENTRY--PERSONAL NAME | |
| Personal name | Eubanks, Lucy T. |
| 245 ## - TITLE STATEMENT | |
| Title | Chemistry in context : applying chemistry to society |
| Statement of responsibility, etc. | Eubanks, Lucy T. |
| 260 ## - PUBLICATION, DISTRIBUTION, ETC. | |
| Place of publication, distribution, etc. | Boston : |
| Name of publisher, distributor, etc. | McGraw-Hill, |
| Date of publication, distribution, etc. | c2006. |
| 300 ## - PHYSICAL DESCRIPTION | |
| Extent | xvii, 622 p. : |
| Other physical details | col. ill. ; |
| Dimensions | 28 cm. |
| 500 ## - GENERAL NOTE | |
| General note | Includes Index |
| 650 ## - SUBJECT ADDED ENTRY--TOPICAL TERM | |
| Topical term or geographic name entry element | 1.Biochemistry.2.Environmental chemistry.3.Geochemistry. |
| 942 ## - ADDED ENTRY ELEMENTS (KOHA) | |
| Koha item type | Book |
| Call number prefix | 540 EUB |
| Source of classification or shelving scheme | |
| Withdrawn status | Lost status | Damaged status | Not for loan | Collection code | Permanent Location | Current Location | Shelving location | Date acquired | Source of acquisition | Cost, normal purchase price | Total Checkouts | Full call number | Barcode | Date last seen | Price effective from | Koha item type |
|---|---|---|---|---|---|---|---|---|---|---|---|---|---|---|---|---|
| Central Library (CL) | Central Library (CL) | General Stacks | 01/16/2007 | Allied Book Company | 3239.45 | 540 EUB | SEECS007987 | 11/14/2012 | 01/05/2017 | Book |
